Research methods for business and social students (Record no. 23151)

MARC details
000 -LEADER
fixed length control field 01090 a2200469 4500
000 - LEADER
fixed length control field BKB
001 - CONTROL NUMBER
control field 145625
005 - DATE AND TIME OF LATEST TRANSACTION
control field 20200902170957.0
008 - FIXED-LENGTH DATA ELEMENTS--GENERAL INFORMATION
fixed length control field
010 ## - LIBRARY OF CONGRESS CONTROL NUMBER
LC control number
020 ## - INTERNATIONAL STANDARD BOOK NUMBER
International Standard Book Number 9788132113669
082 ## - DEWEY DECIMAL CLASSIFICATION NUMBER
Classification number 001.42
Item number A17R
100 1# - MAIN ENTRY--PERSONAL NAME
Personal name Research methods for business and social students
110 ## - MAIN ENTRY--CORPORATE NAME
Corporate name or jurisdiction name as entry element
245 1# - TITLE STATEMENT
Title Research methods for business and social students
Statement of responsibility, etc by Adams John, Hafiz T. A Khan and Robert Raeside
250 ## - EDITION STATEMENT
Edition statement 2nd ed.
260 ## - PUBLICATION, DISTRIBUTION, ETC. (IMPRINT)
Place of publication, distribution, etc New Delhi
Name of publisher, distributor, etc Sage Publications
Date of publication, distribution, etc 2014
300 ## - PHYSICAL DESCRIPTION
Extent 290p.
490 ## - SERIES STATEMENT
Series statement
Volume number/sequential designation
500 ## - GENERAL NOTE
General note
600 ## - SUBJECT ADDED ENTRY--PERSONAL NAME
Personal name
610 ## - SUBJECT ADDED ENTRY--CORPORATE NAME
Corporate name or jurisdiction name as entry element
611 ## - SUBJECT ADDED ENTRY--MEETING NAME
Meeting name or jurisdiction name as entry element
630 ## - SUBJECT ADDED ENTRY--UNIFORM TITLE
Uniform title Social Work
650 ## - SUBJECT ADDED ENTRY--TOPICAL TERM
Topical term or geographic name as entry element
651 ## - SUBJECT ADDED ENTRY--GEOGRAPHIC NAME
Geographic name
654 ## - SUBJECT ADDED ENTRY--FACETED TOPICAL TERM
Focus term
690 ## - LOCAL SUBJECT ADDED ENTRY--TOPICAL TERM (OCLC, RLIN)
Topical term or geographic name as entry element Social sciences--Methodology; Social sciences--Research
700 ## - ADDED ENTRY--PERSONAL NAME
Personal name Adams, John
Numeration
Titles and other words associated with a name
700 ## - ADDED ENTRY--PERSONAL NAME
Personal name Khan, Hafiz T. A
700 ## - ADDED ENTRY--PERSONAL NAME
Personal name Raeside, Robert
710 ## - ADDED ENTRY--CORPORATE NAME
Corporate name or jurisdiction name as entry element
Subordinate unit
Location of meeting
711 ## - ADDED ENTRY--MEETING NAME
Meeting name or jurisdiction name as entry element
720 ## - ADDED ENTRY--UNCONTROLLED NAME
Name
730 ## - ADDED ENTRY--UNIFORM TITLE
Uniform title
740 ## - ADDED ENTRY--UNCONTROLLED RELATED/ANALYTICAL TITLE
Uncontrolled related/analytical title
752 ## - ADDED ENTRY--HIERARCHICAL PLACE NAME
Country or larger entity
856 ## - ELECTRONIC LOCATION AND ACCESS
Host name
Path
Electronic name
904 ## - LOCAL DATA ELEMENT D, LDD (RLIN)
a
964 ## -
--
-- ENG
--
--
--
--
--
965 ## -
--
Holdings
Withdrawn status Lost status Damaged status Not for loan Home library Current library Date acquired Cost, normal purchase price Total Checkouts Full call number Barcode Date last seen Price effective from Koha item type
        Central University Of Rajasthan Central University Of Rajasthan 19/05/2014 0.00   001.42 A17R 19529 21/11/2024 02/09/2020 Books